LEGO Batman: The Videogame: Playable Characters by Picture - Statistics

General Stats
  • This quiz has been taken 166 times
  • The average score is 22 of 24
Answer Stats
Picture Answer % Correct
Batgirl | Barbara Gordon
99%
Alfred Pennyworth
98%
Bane
98%
Batman | Bruce Wayne
98%
Catwoman | Selina Kyle
98%
Clayface | Basil Karlo
96%
Harley Quinn | Harleen Quinzel
96%
The Joker
96%
Robin | Tim Drake
95%
The Penguin | Oswald Cobblepot
94%
The Riddler | Edward Nigma
94%
Two-Face | Harvey Dent
94%
Commissioner Jim Gordon
93%
Poison Ivy | Pamela Isley
92%
Scarecrow | Jonathan Crane
92%
Mr. Freeze | Victor Fries
91%
Nightwing | Dick Grayson
91%
Man-Bat | Kirk Langstrom
89%
Killer Croc | Waylon Jones
88%
Mad Hatter | Jervis Tetch
85%
Hush | Thomas Elliot
76%
Killer Moth | Drury Walker
76%
Ra's Al Ghul
75%
Yeti
47%
No matching quizzes found
Score Distribution
Percent of People with Each Score
Percentile by Number Answered
Your Score History
You have not taken this quiz